01330nam a22003017a 4500003000500000005001700005008004100022010001000063011001000073020001500083035001100098040000900109082001700118245013100135260004800266300001700314500007800331590004100409590004200450700003400492901000700526942001000533949008500543949009000628999001700718952014400735952014900879CHAP20220329143349.0081223s2001 mx r 00010 spa d a95548 a96520 a9706135782 a107174 cCHAP04a658.514bV6503aEl viaje de la innovación :bel desarrollo de una cultura organizacional para innovarc/por Andrew H. Van de Ven ...[et al.] aMéxico, D.F. :bOxford University,cc2001 axvii, 522 p. aTraducido de la primera edición en inglés de : The innovation journey aBATCH-UPDb10c20130110lUCH01h0436 aCONVERSIONb10c20130109lUCH01h13531 aVan de Ven, Andrew H.9117709 aBK cLIBRO a658.514 V65bBCcLIBROd33724002075231eLIBROgI.c/eh110174i107174sbt$295.00 a658.514 V65bBCcLIBROd33724002076686eLIBROfc.2gI.c/eh110175i107174sbt$295.00 c95548d95548 00102ddc4052708GRALaBCbBCcPP_GRALd2019-12-31eI.c/efLIBROl0o658.514 V65p33724002075231r2019-12-31 00:00:00w2019-12-31yLIBRO 00102ddc4052708GRALaBCbBCcPP_GRALd2019-12-31eI.c/efLIBROl0o658.514 V65p33724002076686r2019-12-31 00:00:00tc.2w2019-12-31yLIBRO